000 00976nam a22002177a 4500
003 OSt
005 20250916170401.0
008 240322b ||||| |||| 00| 0 eng d
040 _c0
082 _aDPer 621.381 In821 September 2022 v. 37 n. 9
100 _aLi, Yufei.
_eauthor.
_955228
245 _aA hybrid model predictive control with integrated phase-disposition and phase-shifted PWM for an inner-interleaved hybrid multilevel converter /
_cYufei Li, Fei Diao, Yue Zhao, and H. Alan Mantooth.
260 _aNew York ;
_bThe Institute of Electrical and Electronics Engineers, Inc. ,
_cSeptember 2022.
300 _aVolume 37, pages 10412-10427 :
_billustration ;
_c28 cm.
500 _aIEEE Transitions on Power Electronics, v. 37 n. 9, pages 10412-10427, September 2022.
700 _aLi, Yufei.
_eauthor.
_955228
700 _aDiao, Fei.
_eauthor.
_955229
700 _aZhao, Yue.
_eauthor.
_955230
700 _aMantooth, H. Alan.
_eauthor.
_955231
942 _2ddc
_cPER
999 _c19810
_d19810